Female sex trafficking in Asia : the resilience of patriarchy in a changing world /

Bibliographic Details
Main Author: Samarasinghe, Vidyamali
Format: Book
Language:English
Published: New York : Routledge, [2008]
Series:Routledge international studies of women and place ; 5.
Subjects:
Online Access:Table of contents only

MARC

Tag First Indicator Second Indicator Subfields
LEADER 00000cam a22000004a 4500
001 in00002339621
005 20151108044759.0
008 061211s2008 nyuab b 001 0 eng
010 |a  2006101151 
020 |a 9780415296687 (alk. paper) 
020 |a 0415296684 (alk. paper) 
035 |a (OCoLC)ocm77573809 
035 |a (OCoLC)77573809 
040 |a DLC  |c DLC  |d BTCTA  |d BAKER  |d C#P  |d YDXCP  |d UtOrBLW 
043 |a az-----  |a as-----  |a a-np--- 
049 |a TXAM 
050 0 0 |a HQ281  |b .S26 2008 
082 0 0 |a 363.4/4095  |2 22 
100 1 |a Samarasinghe, Vidyamali. 
245 1 0 |a Female sex trafficking in Asia :  |b the resilience of patriarchy in a changing world /  |c Vidyamali Samarasinghe. 
264 1 |a New York :  |b Routledge,  |c [2008] 
264 4 |c ©2008 
300 |a xviii, 234 pages :  |b illustrations, maps ;  |c 24 cm. 
336 |a text  |b txt  |2 rdacontent 
337 |a unmediated  |b n  |2 rdamedia 
338 |a volume  |b nc  |2 rdacarrier 
490 1 |a Routledge international studies of women and place ;  |v 5 
504 |a Includes bibliographical references (pages [201]-220) and index. 
505 0 |a Evolving discourse and expanding global reach of female sex trafficking -- Definitions and analytical approaches -- Feminization of global human exchange -- Nepal : young, female and vulnerable -- Cambodia : conflict, poverty and cultural values on female sex trafficking -- The Philippines : looking for greener pastures -- Faceless and anonymous : an overview of demand -- Conclusions. 
650 0 |a Human trafficking  |z South Asia. 
650 0 |a Human trafficking  |z Southeast Asia. 
650 0 |a Prostitution  |z Nepal. 
650 0 |a Prostitution  |z Cambodia. 
650 0 |a Prostitution  |z Philippines. 
830 0 |a Routledge international studies of women and place ;  |v 5. 
856 4 1 |3 Table of contents only  |u http://www.loc.gov/catdir/toc/ecip077/2006101151.html  |t 0 
938 |a Baker & Taylor  |b BKTY  |c 135.00  |d 135.00  |i 0415296684  |n 0007176121  |s active 
938 |a Baker and Taylor  |b BTCP  |n BK0007176121 
938 |a YBP Library Services  |b YANK  |n 100353113 
945 |a PromptCat  |b 242657 
946 |a stk 
947 |a A14836267598 
948 |a cataloged  |b h  |c 2007/10/17  |d c  |e dmartine  |f 6:38:19 pm 
994 |a 92  |b TXA 
999 |a MARS 
999 f f |s 959c4706-493a-3414-83eb-4ea999ad6a93  |i 2e1cf097-76da-3afa-91cf-0b3953309748  |t 0 
952 f f |p normal  |a Texas A&M University  |b College Station  |c Sterling C. Evans Library  |d Evans: Library Stacks  |t 0  |e HQ281 .S26 2008  |h Library of Congress classification  |i unmediated -- volume  |m A14836267598 
998 f f |a HQ281 .S26 2008  |t 0  |l Evans: Library Stacks